Partnering in Europe : incentive based alliancing for projects. (Record no. 101156)

MARC details
000 -LEADER
fixed length control field 00950cam a2200229 4500
008 - FIXED-LENGTH DATA ELEMENTS--GENERAL INFORMATION
fixed length control field 000000n2001 000 0 eng u
020 ## - INTERNATIONAL STANDARD BOOK NUMBER
International Standard Book Number 0727729659
035 ## - SYSTEM CONTROL NUMBER
System control number (Sirsi) u110895
050 ## - LIBRARY OF CONGRESS CALL NUMBER
Classification number 692.8094
100 ## - MAIN ENTRY--PERSONAL NAME
Personal name Scott, Bob
110 ## - MAIN ENTRY--CORPORATE NAME
Corporate name or jurisdiction name as entry element European Construction Institute
9 (RLIN) 3313
245 ## - TITLE STATEMENT
Title Partnering in Europe : incentive based alliancing for projects.
260 ## - PUBLICATION, DISTRIBUTION, ETC.
Place of publication, distribution, etc. London
Name of publisher, distributor, etc. Thomas Telford
Date of publication, distribution, etc. 2001
300 ## - PHYSICAL DESCRIPTION
Extent xviii,137p. ; 30cm.
350 ## - PRICE (NR) (BK AM CF MU VM SE) [OBSOLETE]
Price 45.00
520 ## - SUMMARY, ETC.
Summary, etc. A practical guide to project-specific partnering, or alliancing, with a financial incentive scheme directly linking rewards of all alliance members to the overall outcome of the project. Concentrates on engineering construction projects for private-sector clients but would be of interest to a wider audience.
650 ## - SUBJECT ADDED ENTRY--TOPICAL TERM
Topical term or geographic name entry element ALLIANCING
650 ## - SUBJECT ADDED ENTRY--TOPICAL TERM
Topical term or geographic name entry element CONSTRUCTION INDUSTRY
650 ## - SUBJECT ADDED ENTRY--TOPICAL TERM
Topical term or geographic name entry element PROJECT INTENTS
690 ## - LOCAL SUBJECT ADDED ENTRY--TOPICAL TERM (OCLC, RLIN)
Topical term or geographic name as entry element BUILDING AND CONSTRUCTION-PROJECTS
942 ## - ADDED ENTRY ELEMENTS (KOHA)
Suppress in OPAC 0
Holdings
Withdrawn status Lost status Source of classification or shelving scheme Damaged status Not for loan Home library Current library Shelving location Date acquired Cost, normal purchase price Total Checkouts Full call number Barcode Date last seen Date last checked out Copy number Cost, replacement price Price effective from Koha item type
    Dewey Decimal Classification     London London Folio 27/02/2001 45.00 19 F692.8094 SCO 30063359 06/08/2019 18/02/2009 1 45.00 06/08/2019 Book